000 00281nam a22001337a 4500
003 SGT
082 _a343.087
_bGOE
100 _aGOEL HEMANT
245 _aINTERNATIONAL TRADE LAW
250 _a1
260 _aFARIDABAD
_bNEW ERA LAW PUB.
_c2004
300 _a198
942 _2ddc
_cBK
999 _c25547
_d25547